[Event "Pohar mesta Ricany 2010 - cena Klidneho mesta"]
[Site "http://www.openricany.cz"]
[Date "2010.08.26"]
[Round "7.39"]
[White "Adamik, Frantisek"]
[Black "Jirousek, Filip"]
[Result "0-1"]
[WhiteElo "1898"]
[BlackElo "1787"]

1. e4 c5 2. c4 Nc6 3. Nc3 d6 4. b3 Nf6 5. Bb2 e6 6. Nf3 b6 7. Bd3 Bb7 8. O-O
Be7 9. Ng5 Ne5 10. Bc2 h6 11. Nh3 g5 12. d4 Ned7 13. f4 g4 14. Nf2 Rg8 15. g3 h5
16. d5 e5 17. Nd3 h4 18. fxe5 Nxe5 19. Nxe5 dxe5 20. Qe2 hxg3 21. hxg3 Nh7
22. Rad1 Ng5 23. d6 Nf3+ 24. Rxf3 gxf3 25. Qxf3 Bh4 26. g4 Qd7 27. Nb5 Rxg4+
28. Kf1 Rf4 29. Nc7+ Kd8 30. Qxf4 exf4 31. Ke2 Qg4+ 32. Kd2 f3 33. Kc1 f2 0-1

[Event "Pohar mesta Ricany 2010 - cena Klidneho mesta"]
[Site "http://www.openricany.cz"]
[Date "2010.08.26"]
[Round "7.34"]
[White "Luzikova, Nicola"]
[Black "Cerny, Michal"]
[Result "1/2-1/2"]
[WhiteElo "1740"]
[BlackElo "1947"]

1. e4 e5 2. Nf3 Nc6 3. d4 exd4 4. Nxd4 Nf6 5. Nc3 Bb4 6. Nxc6 bxc6 7. Bd3 d5
8. exd5 Qe7+ 9. Qe2 cxd5 10. Qxe7+ Kxe7 11. O-O c6 12. a3 Ba5 13. b4 Bb6 14. Na4
Be6 15. Re1 Ng4 16. Nxb6 axb6 17. h3 Nf6 18. a4 c5 19. Be3 Rhc8 20. bxc5 bxc5
21. Reb1 c4 22. Be2 Ra6 23. Rb2 1/2-1/2

[Event "Pohar mesta Ricany 2010 - cena Klidneho mesta"]
[Site "http://www.openricany.cz"]
[Date "2010.08.26"]
[Round "7.13"]
[White "Pospisil, Evzen"]
[Black "Hrdina, Robin"]
[Result "1/2-1/2"]
[WhiteElo "2163"]
[BlackElo "1878"]

1. d4 Nf6 2. Nf3 e6 3. g3 d5 4. Bg2 c6 5. O-O Bd6 6. Nbd2 O-O 7. c4 Re8 8. b3
Nbd7 9. Bb2 b6 10. Qc2 Bb7 11. e4 dxe4 12. Nxe4 Bf8 13. Ne5 Nxe5 14. dxe5 Nxe4
15. Bxe4 g6 16. Rad1 Qc7 17. h4 c5 18. Rd2 Bxe4 19. Qxe4 Rad8 20. Rfd1 Rxd2
21. Rxd2 Rd8 22. Bc1 Rxd2 23. Bxd2 Qd8 24. Bg5 Be7 25. Bf6 Bxf6 26. exf6 Qxf6
27. Qa8+ Kg7 28. Qxa7 e5 29. Qb7 Qd6 30. Kg2 h5 31. a3 Kf6 32. Qe4 Kg7 33. Qb7
Kf6 34. Qf3+ 1/2-1/2

[Event "Pohar mesta Ricany 2010 - cena Klidneho mesta"]
[Site "http://www.openricany.cz"]
[Date "2010.08.26"]
[Round "7.11"]
[White "Ruzicka, Vaclav jun."]
[Black "Schmalz, Michal"]
[Result "1/2-1/2"]
[WhiteElo "2057"]
[BlackElo "1958"]

1. d4 Nf6 2. Nc3 e6 3. Nf3 d5 4. Bf4 a6 5. a3 Nbd7 6. e3 Be7 7. Be2 O-O 8. Qd2
c5 9. g4 Ne4 10. Nxe4 dxe4 11. Ne5 Nxe5 12. Bxe5 f6 13. Bg3 Qb6 14. c3 Rd8
15. Qc2 Bd7 16. O-O Bc6 17. f3 cxd4 18. cxd4 e5 19. Bf2 exf3 20. Bc4+ Bd5
21. Bxd5+ Rxd5 22. Qe4 Qc6 23. Qxf3 1/2-1/2

[Event "Pohar mesta Ricany 2010 - cena Klidneho mesta"]
[Site "http://www.openricany.cz"]
[Date "2010.08.26"]
[Round "7.30"]
[White "Reis, Vilem"]
[Black "Halla, Jiri"]
[Result "1/2-1/2"]
[WhiteElo "1940"]
[BlackElo "1912"]

1. e4 e6 2. d4 d5 3. Nc3 Bb4 4. e5 c5 5. Qg4 Ne7 6. Qxg7 Rg8 7. Qxh7 cxd4 8. a3
Qa5 9. axb4 Qxa1 10. Nce2 Bd7 11. Nf3 Nbc6 12. b5 Qa5+ 13. c3 Qxb5 14. Nexd4 Qb6
15. Nb5 O-O-O 16. Nd6+ Kb8 17. Nxf7 Rdf8 18. Nd6 Rh8 19. Qg7 Rhg8 1/2-1/2

[Event "Pohar mesta Ricany 2010 - cena Klidneho mesta"]
[Site "http://www.openricany.cz"]
[Date "2010.08.26"]
[Round "7.28"]
[White "Vevera, Radek"]
[Black "Hampel, Rudolf"]
[Result "1-0"]
[WhiteElo "2044"]
[BlackElo "1800"]

1. e4 c5 2. Nf3 d6 3. d4 cxd4 4. Nxd4 Nf6 5. Nc3 a6 6. h3 e6 7. g4 Be7 8. Bg2
O-O 9. Be3 Nbd7 10. Qe2 Qc7 11. f4 Nb6 12. g5 Nfd7 13. O-O-O Nc5 14. Kb1 Nba4
15. Nxa4 Nxa4 16. f5 d5 17. g6 Ba3 18. gxf7+ Rxf7 19. Bc1 Qb6 20. Nb3 exf5
21. exf5 Rf8 22. Bxd5+ Kh8 23. Qg4 Bd7 24. Rhg1 g6 25. Be6 Bxe6 26. fxe6 Bc5
27. e7 Rfe8 28. Rge1 Qb4 29. Bf4 Rxe7 30. Rxe7 Bxe7 31. Be5+ Kg8 32. Qe6+ Kf8
33. Rf1+ Ke8 34. Qg8+ Bf8 35. Qf7+ 1-0

[Event "Pohar mesta Ricany 2010 - cena Klidneho mesta"]
[Site "http://www.openricany.cz"]
[Date "2010.08.26"]
[Round "7.44"]
[White "Eisner, Oldrich"]
[Black "Kubesa, David"]
[Result "1/2-1/2"]
[WhiteElo "1824"]
[BlackElo "1523"]

1. d4 Nf6 2. Nf3 g6 3. c4 Bg7 4. g3 O-O 5. Bg2 c6 6. Nc3 d5 7. cxd5 Nxd5 8. O-O
Nxc3 9. bxc3 c5 10. Bb2 Nc6 11. e3 Qa5 12. Qb3 Rb8 13. d5 Ne5 14. Nxe5 Bxe5
15. f4 Bg7 16. c4 b5 17. Bxg7 Kxg7 18. cxb5 Rxb5 19. Qc2 Qa3 20. e4 Rb2 21. Qc1
Ba6 22. Rf3 Qb4 23. Qc3+ Qxc3 24. Rxc3 Rfb8 25. Rb3 Bc4 26. Rxb8 Rxb8 27. Bf1
Rb4 28. a3 Ra4 29. Rc1 Bxf1 30. Kxf1 Rxe4 31. Rxc5 Ra4 32. Rc3 Ra5 33. Rd3 Kf6
34. Kg2 h5 35. Kf3 Ra4 36. h3 h4 37. g4 g5 38. fxg5+ 1/2-1/2

[Event "Pohar mesta Ricany 2010 - cena Klidneho mesta"]
[Site "http://www.openricany.cz"]
[Date "2010.08.26"]
[Round "7.12"]
[White "Mejzr, Jan"]
[Black "Wasserbauer, Radek"]
[Result "0-1"]
[WhiteElo "1863"]
[BlackElo "2066"]

1. e4 e5 2. Nf3 d6 3. d4 Nd7 4. Bc4 c6 5. dxe5 dxe5 6. O-O Qc7 7. Ng5 Nh6
8. Be3 Be7 9. Qh5 Nf6 10. Qe2 Nfg4 11. Bd2 Bc5 12. h3 Nf6 13. Nf3 Nhg8 14. b4
Bd6 15. Ng5 Nh6 16. f4 Bd7 17. f5 Bxb4 18. Be3 Ba5 19. Nd2 Bb6 20. Rab1 Bxe3+
21. Qxe3 b5 22. Bb3 O-O 23. Qg3 Kh8 24. Ndf3 Rae8 25. Rbd1 Bc8 26. Rd3 Nh5
27. Qh4 Nf4 28. f6 Nxd3 29. fxg7+ Kxg7 30. Nxh7 Kxh7 31. Qf6 Rg8 32. Ng5+ Rxg5
33. Qxg5 Nf4 34. g3 Nxh3+ 0-1

[Event "Pohar mesta Ricany 2010 - cena Klidneho mesta"]
[Site "http://www.openricany.cz"]
[Date "2010.08.26"]
[Round "7.21"]
[White "Prochazka, Petr"]
[Black "Postupa, Pavel sen."]
[Result "1/2-1/2"]
[WhiteElo "1987"]
[BlackElo "2072"]

1. e4 c5 2. Nf3 e6 3. d4 cxd4 4. Nxd4 Nc6 5. Nc3 Nf6 6. Ndb5 d6 7. Bf4 e5
8. Bg5 a6 9. Na3 Be6 10. Nc4 Rc8 11. Ne3 Nd4 12. Bd3 Be7 13. Bxf6 Bxf6 14. O-O
b5 15. Ncd5 Bd7 16. c3 Nc6 17. a4 bxa4 18. Qxa4 Rb8 19. Qa3 Bc8 20. Nc4 O-O
21. Rfb1 Be7 22. Nce3 Bg5 23. Qa4 Ne7 24. Bxa6 Bxe3 25. Nxe3 Ra8 26. Qc4 Be6
27. Qe2 Ng6 28. Bc4 Rxa1 29. Rxa1 Qg5 30. Bxe6 fxe6 31. Qg4 Qf6 32. f3 Nf4
33. h4 d5 34. exd5 exd5 1/2-1/2

[Event "Pohar mesta Ricany 2010 - cena Klidneho mesta"]
[Site "http://www.openricany.cz"]
[Date "2010.08.26"]
[Round "7.40"]
[White "Soltys, Roman"]
[Black "Forman, Miroslav"]
[Result "1-0"]
[WhiteElo "1659"]
[BlackElo "1891"]

1. d4 d6 2. Nf3 Nf6 3. c4 g6 4. Nc3 Bg7 5. e3 O-O 6. Bd3 c5 7. d5 e6 8. O-O
exd5 9. cxd5 Bg4 10. e4 Nbd7 11. Qc2 Bxf3 12. gxf3 Ne5 13. Kg2 Qd7 14. Be2 a6
15. Bf4 Nh5 16. Be3 b5 17. f4 Ng4 18. h3 Nxe3+ 19. fxe3 b4 20. Na4 Rae8 21. Nb6
Qd8 22. Nc4 a5 23. Bxh5 gxh5 24. Rg1 Kh8 25. Kh2 Rg8 26. Rg2 a4 27. Rag1 Qf6
28. e5 dxe5 29. fxe5 Qf3 30. Rg3 Qxd5 31. e4 Qa8 32. Nd6 Ref8 33. Qxc5 h4
34. Rg4 Qd8 35. Qd5 Qe7 36. Kh1 Qd7 37. Rf1 f6 38. e6 Qa7 39. Nf7+ Rxf7 40. exf7
Rf8 41. Rxg7 Kxg7 42. Rg1+ 1-0

[Event "Pohar mesta Ricany 2010 - cena Klidneho mesta"]
[Site "http://www.openricany.cz"]
[Date "2010.08.26"]
[Round "7.18"]
[White "Pospisil, Martin"]
[Black "Hulin, Petr"]
[Result "1/2-1/2"]
[WhiteElo "1931"]
[BlackElo "2037"]

1. d4 Nf6 2. Nf3 e6 3. b3 c5 4. e3 Be7 5. Bb2 cxd4 6. exd4 Qa5+ 7. Nbd2 b6
8. Bd3 Bb7 9. O-O O-O 10. Qe2 Qh5 11. Ne4 Nxe4 12. Bxe4 d5 13. Bd3 Nd7 14. a4 a5
15. Ba3 Bxa3 16. Rxa3 Rfc8 17. Rb1 Nf6 18. b4 Ne4 19. bxa5 Nc3 20. Qe1 Nxb1
21. Qxb1 bxa5 22. Qxb7 g5 23. Rb3 f6 24. Qd7 Qf7 25. Qxf7+ Kxf7 26. Rb7+ Kg8
27. Bxh7+ Kh8 28. Bd3 Rab8 29. Rxb8 Rxb8 30. Bb5 Rc8 31. Ne1 Kg7 32. Kf1 e5
33. dxe5 fxe5 34. Ke2 Kf6 35. Kd2 e4 36. c3 Ke5 37. Nc2 Rf8 38. Ke2 Rc8 39. Kd2
Rf8 1/2-1/2

[Event "Pohar mesta Ricany 2010 - cena Klidneho mesta"]
[Site "http://www.openricany.cz"]
[Date "2010.08.26"]
[Round "7.43"]
[White "Sedivy, Ondrej"]
[Black "Hlina, Milos"]
[Result "1/2-1/2"]
[WhiteElo "1717"]
[BlackElo "1892"]

1. e4 e6 2. d4 d5 3. Nd2 dxe4 4. Nxe4 Nd7 5. Nf3 Ngf6 6. Bd3 Be7 7. O-O O-O
8. Bg5 h6 9. Bh4 Nxe4 10. Bxe7 Qxe7 11. Bxe4 Nf6 12. Bd3 b6 13. Ne5 Bb7 14. c3
c5 15. Bb5 Qc7 16. Qa4 a6 17. Be2 b5 18. Qb3 cxd4 19. cxd4 Rfd8 20. Rfd1 Bd5
21. Qc3 Rac8 22. Qxc7 Rxc7 23. Rac1 Rdc8 24. Nd3 Rxc1 25. Rxc1 Rxc1+ 26. Nxc1
Ne8 27. Nd3 Bc4 28. Nc1 Bxe2 29. Nxe2 Nc7 30. Nc3 Kf8 31. Kf1 Ke7 32. Ke2 f5
33. a3 Kd6 34. Kd3 Nd5 35. g3 g5 36. Ne2 g4 37. Ng1 h5 38. h3 Nf6 39. h4 Ne4
40. Ke3 Kd5 41. Ne2 e5 42. dxe5 1/2-1/2

[Event "Pohar mesta Ricany 2010 - cena Klidneho mesta"]
[Site "http://www.openricany.cz"]
[Date "2010.08.26"]
[Round "7.19"]
[White "Paukert, Jan"]
[Black "Vavrinec, Tomas"]
[Result "1/2-1/2"]
[WhiteElo "1928"]
[BlackElo "2030"]

1. d4 Nf6 2. Nf3 c5 3. g3 cxd4 4. Bg2 Nc6 5. Nxd4 g6 6. O-O Bg7 7. c4 Nxd4
8. Qxd4 O-O 9. Nc3 d6 10. Qd3 Rb8 11. b3 Qa5 12. Bd2 Qh5 13. h4 a6 14. Rad1 b5
15. cxb5 axb5 16. Nd5 Nxd5 17. Bxd5 Bg4 18. Rfe1 Rfc8 19. Rc1 Rxc1 20. Bxc1 Rc8
21. Bd2 Rc5 22. Bg2 Qe5 23. Bb4 Rc8 24. Qe4 Bf5 25. Qxe5 Bxe5 26. Rd1 Bg4 27. f3
Bd7 28. Kf2 Rc2 29. Rd2 Rc1 30. e4 Bc6 31. f4 Bc3 32. Bxc3 Rxc3 33. Re2 b4
34. Re3 Rc1 35. Re2 Bb5 36. Rd2 Rc3 37. Bf3 Bc6 38. Bg2 Kf8 39. e5 dxe5 40. Bxc6
Rxc6 41. fxe5 Rc5 42. Re2 e6 43. Kf3 Ke7 44. Kf4 h6 45. Re4 Rb5 46. Rd4 g5+
47. hxg5 hxg5+ 48. Ke4 f5+ 49. exf6+ Kxf6 50. g4 Re5+ 51. Kf3 Rb5 52. Ke3 Ke5
53. Rc4 Kd5 54. Rd4+ 1/2-1/2

[Event "Pohar mesta Ricany 2010 - cena Klidneho mesta"]
[Site "http://www.openricany.cz"]
[Date "2010.08.26"]
[Round "7.7"]
[White "Misicko, Jan"]
[Black "Vanka, Miloslav"]
[Result "1/2-1/2"]
[WhiteElo "2006"]
[BlackElo "2189"]

1. c4 e5 2. Nc3 Nc6 3. g3 f5 4. Bg2 Nf6 5. e3 g6 6. d4 d6 7. Nge2 Bg7 8. b4 O-O
9. Qb3 Kh8 10. O-O Rb8 11. b5 Na5 12. Qa4 b6 13. dxe5 dxe5 14. Rd1 Qe8 15. Bd2
Be6 16. Nd5 Nxd5 17. Bxd5 Bxd5 18. cxd5 a6 19. Bxa5 bxa5 20. Qc2 axb5 21. Qxc7
Qd8 22. Rac1 b4 23. f4 a4 24. Qc6 b3 25. Qxa4 b2 26. Rb1 Qb6 27. Rd3 g5 28. Rb3
Qd6 29. R1xb2 Rxb3 30. Qxb3 exf4 31. Rd2 fxe3 32. Qxe3 f4 33. gxf4 gxf4 34. Qf3
Be5 35. Kf1 Qb4 36. Rd1 Qa4 37. Rd2 Qa5 38. Rd1 Qa4 39. Rd2 Qb4 40. Rd1 Rd8
41. Qb3 Qe4 42. Qb6 Rf8 43. Qf2 Qc2 44. Ke1 Bc3+ 45. Nxc3 Qxc3+ 46. Qd2 Qh3
47. d6 Re8+ 48. Kf2 Qxh2+ 49. Kf1 Qh1+ 50. Kf2 Qh4+ 51. Kf1 1/2-1/2

[Event "Pohar mesta Ricany 2010 - cena Klidneho mesta"]
[Site "http://www.openricany.cz"]
[Date "2010.08.26"]
[Round "7.36"]
[White "Hadrava Jaroslav"]
[Black "Starek Stanislav"]
[Result "0-1"]
[WhiteElo "1908"]
[BlackElo "1872"]

1. e4 g6 2. d4 Bg7 3. Nc3 d6 4. Be3 c6 5. Qd2 Qc7 6. O-O-O Nd7 7. f3 Ngf6 8. h4
b5 9. g4 h5 10. g5 Nh7 11. f4 Nb6 12. Bd3 Bg4 13. Rf1 Nc4 14. Bxc4 bxc4 15. Nd1
Rb8 16. Nh3 Qb6 17. c3 Qa5 18. a3 d5 19. Qc2 O-O 20. Kd2 c5 21. Nhf2 Bd7 22. Ke2
cxd4 23. Bxd4 Bxd4 24. cxd4 dxe4 25. Nxe4 Bf5 26. Ndc3 Rb3 27. Rb1 Rfb8 28. Ke3
Bxe4 29. Qxe4 Rxb2 30. Rhc1 Qxa3 31. Rxb2 Rxb2 32. d5 Rb3 33. Qc2 Qc5+ 34. Ke2
Qd4 35. Qd2 Qb6 36. Rc2 Nf8 37. Qe3 Nd7 38. Qxe7 Rxc3 39. Rxc3 Qb2+ 40. Kd1 Qxc3
41. Qxd7 Qd3+ 42. Kc1 c3 43. Qe8+ Kg7 44. Qe5+ Kh7 45. Qe1 c2 46. Qd2 Qxd2+
47. Kxd2 Kg8 48. Kxc2 Kf8 0-1

[Event "Pohar mesta Ricany 2010 - cena Klidneho mesta"]
[Site "http://www.openricany.cz"]
[Date "2010.08.26"]
[Round "7.22"]
[White "Lacha, Jan"]
[Black "Janicek, Jindrich"]
[Result "1/2-1/2"]
[WhiteElo "1968"]
[BlackElo "1906"]

1. e4 c5 2. Nc3 e6 3. g3 Nc6 4. Bg2 a6 5. d3 Qc7 6. f4 d6 7. Nf3 Nf6 8. Be3 Be7
9. Ne2 Rb8 10. c3 b5 11. Qc2 d5 12. e5 Ng4 13. Bg1 h5 14. h3 Nh6 15. d4 cxd4
16. Nfxd4 Nxd4 17. Nxd4 g6 18. g4 Bd7 19. Be3 b4 20. Rc1 bxc3 21. b3 a5 22. gxh5
gxh5 23. Bf3 h4 24. Rg1 Rc8 25. Rg7 Bc5 26. Rh7 Rxh7 27. Qxh7 Bf8 28. Bh5 c2
29. Rxc2 Qb8 30. Rxc8+ 1/2-1/2

[Event "Pohar mesta Ricany 2010 - cena Klidneho mesta"]
[Site "http://www.openricany.cz"]
[Date "2010.08.26"]
[Round "7.37"]
[White "Krejci Martin"]
[Black "Rydl Jiri"]
[Result "1/2-1/2"]
[WhiteElo "1804"]
[BlackElo "1908"]

1. e4 e6 2. d4 d5 3. e5 c5 4. c3 Nc6 5. Nf3 Qb6 6. a3 Nh6 7. b4 cxd4 8. cxd4
Nf5 9. Bb2 Be7 10. Bd3 O-O 11. Bxf5 exf5 12. O-O Be6 13. Nc3 Rac8 14. Rc1 a5
15. b5 Na7 16. Qb3 Rc4 17. Nxd5 Bxd5 18. Rxc4 1/2-1/2

[Event "Pohar mesta Ricany 2010 - cena Klidneho mesta"]
[Site "http://www.openricany.cz"]
[Date "2010.08.26"]
[Round "7.9"]
[White "Vesecky Martin"]
[Black "Postupa Pavel ml."]
[Result "1-0"]
[WhiteElo "2026"]
[BlackElo "2147"]

1. e4 c5 2. Nf3 d6 3. d4 cxd4 4. Nxd4 Nf6 5. Nc3 a6 6. Bg5 e6 7. f4 Be7 8. Qf3
Qc7 9. O-O-O Nbd7 10. g4 b5 11. Bxf6 Nxf6 12. g5 Nd7 13. a3 Nc5 14. h4 Rb8
15. f5 b4 16. axb4 Rxb4 17. g6 hxg6 18. fxg6 fxg6 19. Qg4 Rh6 20. Bg2 Bd7
21. Rhf1 Rxd4 22. Rxd4 Nb3+ 23. cxb3 {dale  necitelna} 1-0

[Event "Pohar mesta Ricany 2010 - cena Klidneho mesta"]
[Site "http://www.openricany.cz"]
[Date "2010.08.26"]
[Round "7.32"]
[White "Havelka Petr"]
[Black "Plasil Petr"]
[Result "0-1"]
[WhiteElo "1923"]
[BlackElo "1859"]

1. d4 g6 2. c4 Bg7 3. Nc3 d6 4. e4 Nd7 5. Nf3 e6 6. Be2 Ne7 7. Be3 h6 8. Qc2
O-O 9. O-O f5 10. exf5 exf5 11. d5 f4 12. Bd4 Ne5 13. Nxe5 dxe5 14. Bc5 b6
15. Bxe7 Qxe7 16. Bd3 f3 17. Bxg6 Qg5 18. g3 Rf6 19. Bd3 Qh5 20. Rfe1 Rf4
21. Re4 Bh3 22. Rxf4 exf4 23. Bg6 Qg5 24. Re1 Bd4 25. Bh7+ Kf8 26. Qe4 fxg3
27. Qxf3+ Kg7 28. Qxg3 Kxh7 29. Qxg5 hxg5 30. Nb5 Bc5 31. a3 Rf8 32. Re2 Rf4
33. Rd2 Rxc4 0-1

[Event "Pohar mesta Ricany 2010 - cena Klidneho mesta"]
[Site "http://www.openricany.cz"]
[Date "2010.08.26"]
[Round "7.23"]
[White "Petrun Milan"]
[Black "Voracek  Zdenek"]
[Result "0-1"]
[WhiteElo "1968"]
[BlackElo "2056"]

1. e4 Nf6 2. e5 Nd5 3. d4 d6 4. c4 Nb6 5. exd6 cxd6 6. Nc3 g6 7. Be3 Bg7 8. h3
O-O 9. Nf3 Bf5 10. Be2 Nc6 11. O-O d5 12. cxd5 Nxd5 13. Nxd5 Qxd5 14. Qd2 Rfd8
15. Rfd1 a5 16. Rac1 Qxa2 17. Bc4 Qa4 18. Qe2 Qb4 19. Ng5 Rf8 20. g4 Bd7 21. Ne4
Rac8 22. Nc5 Rfd8 23. Qf3 Be8 24. Ne6 fxe6 25. Bxe6+ Kh8 26. Bxc8 Rxc8 27. Qe2
Rd8 28. d5 Ne5 29. Bc5 Qxb2 30. Qxb2 Nf3+ 31. Kg2 Bxb2 32. Rb1 Nh4+ 33. Kg3 Bf6
34. Bd4 g5 35. Rxb7 Kg8 36. Bxf6 exf6 37. Rc1 Rxd5 38. Rcc7 Ng6 39. Rb8 Re5
40. Rb6 Ne7 41. Ra7 Nd5 42. Rba6 a4 43. Rb7 Re4 44. Raa7 Bg6 45. f3 Re2 46. Rxa4
Nf4 47. Ra8+ Be8 0-1

[Event "Pohar mesta Ricany 2010 - cena Klidneho mesta"]
[Site "http://www.openricany.cz"]
[Date "2010.08.26"]
[Round "7.26"]
[White "Sargsjan,Karen"]
[Black "Framberk, Jan"]
[Result "0-1"]
[WhiteElo "1841"]
[BlackElo "2004"]

1. e4 e5 2. Nf3 Nc6 3. d4 exd4 4. Bc4 Nf6 5. O-O Bc5 6. e5 d5 7. Bb5 Ne4
8. Nxd4 Bd7 9. Bxc6 bxc6 10. f3 Ng5 11. f4 Ne4 12. Nc3 Nxc3 13. bxc3 O-O 14. Kh1
Bxd4 15. cxd4 Bf5 16. Be3 Rb8 17. Qh5 Qd7 18. h3 Rb2 19. Rf2 Bxc2 20. g4 f5
21. g5 Rfb8 22. Qe2 {Dale necitelne!} 0-1

[Event "Pohar mesta Ricany 2010 - cena Klidneho mesta"]
[Site "http://www.openricany.cz"]
[Date "2010.08.26"]
[Round "7.24"]
[White "Boucek Vlastimil"]
[Black "Kaiser Rudolf"]
[Result "0-1"]
[WhiteElo "2038"]
[BlackElo "1940"]

1. e4 e5 2. Nc3 Nf6 3. d3 Bb4 4. Bd2 d5 5. Qe2 d4 6. Nd1 Bxd2+ 7. Qxd2 O-O
8. g3 c5 9. Bh3 Bxh3 10. Nxh3 Qd7 11. Ng5 h6 12. Nf3 Nc6 13. Nh4 Kh7 14. h3 g6
15. f4 Nh5 16. Qh2 Qe7 17. fxe5 Nxe5 18. O-O Qg5 19. Nf3 Nxf3+ 20. Rxf3 f5
21. Qf2 f4 22. g4 Ng3 23. Qd2 Qe5 24. Nf2 g5 25. Kg2 Rac8 26. b3 Qe6 27. Rc1 b5
28. c3 Qe5 29. Rc2 dxc3 30. Qxc3 Qxc3 31. Rxc3 Ne2 32. Rc2 Nd4 33. Rd2 Nxf3
34. Kxf3 Rb8 35. Rc2 Rfd8 36. h4 c4 37. hxg5 hxg5 38. dxc4 bxc4 39. Rc3 Kg6
40. b4 Rb7 41. Ra3 Rdd7 42. Ra5 Rb6 43. e5 Re7 44. Nd1 Rxe5 45. Nc3 Re3+ 0-1

[Event "Pohar mesta Ricany 2010 - cena Klidneho mesta"]
[Site "http://www.openricany.cz"]
[Date "2010.08.26"]
[Round "7.10"]
[White "Drabek Vojtech"]
[Black "Postupa Martin"]
[Result "1-0"]
[WhiteElo "2128"]
[BlackElo "2018"]

1. g3 e5 2. Bg2 Nc6 3. c4 g6 4. Nc3 Bg7 5. Nf3 d6 6. d3 Nge7 7. Nd5 O-O 8. h4
h5 9. Bg5 f6 10. Bd2 Be6 11. Qb3 Rb8 12. a4 Bf7 13. e4 a5 14. O-O b6 15. Bh3 Kh7
16. Bc3 Be8 17. d4 exd4 18. Nxd4 Nxd4 19. Bxd4 Bd7 20. Bxd7 Qxd7 21. Qc3 Nxd5
22. exd5 f5 23. Rae1 Rbe8 24. b3 Bxd4 25. Qxd4 Qg7 26. Qxg7+ Kxg7 27. Kg2 Kf6
28. Kf3 Re5 29. Rxe5 dxe5 30. Ke3 Ke7 31. f3 Rh8 32. Kd3 Kd6 33. Kc3 Kc5 34. Re1
Re8 35. Re3 e4 36. Re1 Re5 37. Re3 Kd6 38. fxe4 Kc5 39. Kd3 fxe4+ 40. Rxe4 Rxe4
41. Kxe4 Kb4 42. Kd4 Kxb3 43. c5 bxc5+ 44. Kxc5 Kc3 45. Kb5 Kd4 46. Kxa5 Kxd5
47. Kb5 Kd6 48. a5 c6+ 49. Kb6 c5 50. a6 c4 51. a7 c3 52. a8=Q c2 53. Qc8 1-0

[Event "Pohar mesta Ricany 2010 - cena Klidneho mesta"]
[Site "http://www.openricany.cz"]
[Date "2010.08.26"]
[Round "7.15"]
[White "Koper,Stefan"]
[Black "Skacel,Jan"]
[Result "1-0"]
[WhiteElo "2020"]
[BlackElo "2073"]

1. d4 Nf6 2. c4 g6 3. Nc3 Bg7 4. e4 d6 5. Nge2 O-O 6. Ng3 e5 7. d5 Nbd7 8. Be2
a5 9. O-O Nc5 10. b3 Bd7 11. Be3 b6 12. Rc1 Ne8 13. Qd2 f5 14. exf5 gxf5 15. f4
e4 16. Nh5 Bh6 17. Kh1 Nf6 18. Nxf6+ Qxf6 19. Rg1 Bg7 20. Nb5 Bxb5 21. cxb5 Rae8
22. g4 Nd3 23. Bxd3 exd3 24. Qxd3 Re4 25. gxf5 Rfe8 26. Rg3 R8e7 27. Rcg1 Qxf5
28. Bd2 Kf8 1-0

[Event "Pohar mesta Ricany 2010 - cena Klidneho mesta"]
[Site "http://www.openricany.cz"]
[Date "2010.08.26"]
[Round "7.14"]
[White "Pechacek,Stanislav"]
[Black "Suchomel,Ales"]
[Result "1/2-1/2"]
[WhiteElo "2131"]
[BlackElo "1926"]

1. c4 Nf6 2. Nc3 g6 3. e4 d6 4. d4 Bg7 5. Nf3 O-O 6. Be2 Nbd7 7. O-O e5 8. Re1
c6 9. Bf1 Ne8 10. Rb1 Nc7 11. d5 c5 12. a3 a5 13. b4 axb4 14. axb4 b6 15. bxc5
bxc5 16. Nb5 Nxb5 17. cxb5 Nb6 18. Nd2 f5 19. f3 Bd7 20. Nc4 Nxc4 21. Bxc4 Qb6
22. Re2 Ra7 23. Reb2 Rfa8 24. Be3 Ra4 25. Qc2 Bf6 26. Ra2 Rxa2 27. Bxa2 Bd8
28. Bc4 f4 29. Bd2 Qa7 30. Bc3 Qb6 31. Qb3 Kf8 32. Ra1 Rxa1+ 33. Bxa1 Qa7
34. Bc3 Bb6 35. Kf2 Ke7 36. Ke2 Kd8 37. Kd1 Kc7 38. Kc2 Kb7 39. Bb2 Ba5 40. Qa4
Bb4 41. Qxa7+ Kxa7 42. Kb3 Kb6 43. Ka4 g5 44. Be2 h5 45. h3 Bd2 46. Ba3 1/2-1/2

[Event "Pohar mesta Ricany 2010 - cena Klidneho mesta"]
[Site "http://www.openricany.cz"]
[Date "2010.08.26"]
[Round "7.8"]
[White "Sedy,Pavel"]
[Black "Mrna,Vladimir"]
[Result "1-0"]
[WhiteElo "2156"]
[BlackElo "2046"]

1. e4 c5 2. Nf3 Nc6 3. d4 cxd4 4. Nxd4 g6 5. c4 Nf6 6. Nc3 Nxd4 7. Qxd4 d6
8. Be2 Bg7 9. Be3 O-O 10. Qd2 Be6 11. f3 Qa5 12. O-O Rfc8 13. b3 a6 14. Rad1 b5
15. Nd5 Qxd2 16. Rxd2 Nxd5 17. exd5 Bd7 18. Rc1 b4 19. Bd3 Rc7 20. Re2 Kf8
21. c5 dxc5 22. Rxc5 Rb7 23. Ra5 Bb5 24. Bxb5 Rxb5 25. Rxb5 axb5 26. Bc5 Bf6
27. Bxb4 Ke8 28. Kf2 Kd7 29. Rc2 Be5 30. g3 h5 31. Ke3 h4 32. f4 Bc7 33. g4 f5
34. g5 Re8 35. Rd2 h3 36. Kf3 Rh8 37. Re2 Bd6 38. Bxd6 Kxd6 39. Re6+ Kxd5
40. Rxg6 Ra8 41. Rb6 Kc5 42. Re6 Rxa2 43. Rxe7 Rxh2 44. Kg3 Rb2 45. Kxh3 Rxb3+
46. Kh4 Kd4 47. g6 Rb1 48. Kg5 b4 49. Kxf5 b3 50. g7 Rg1 51. Kf6 b2 52. Rb7 1-0

[Event "Pohar mesta Ricany 2010 - cena Klidneho mesta"]
[Site "http://www.openricany.cz"]
[Date "2010.08.26"]
[Round "7.3"]
[White "Vybiral.Zdenek"]
[Black "Balacek.Tadeas"]
[Result "1/2-1/2"]
[WhiteElo "2232"]
[BlackElo "2096"]

1. d4 Nf6 2. c4 g6 3. Nc3 Bg7 4. e4 d6 5. f4 O-O 6. Nf3 c5 7. d5 e6 8. dxe6
fxe6 9. Bd3 Nc6 10. O-O Nd4 11. Nxd4 cxd4 12. Nb5 e5 13. Qb3 Be6 14. Qb4 Ne8
15. Bd2 Qb6 16. a4 a6 17. a5 Qc6 18. Na3 Nf6 19. Rae1 Rac8 20. b3 Nd7 21. Bc2
Bf7 22. f5 Bf6 23. Bg5 h6 24. Bh4 g5 25. Bg3 h5 26. Kh1 h4 27. Bf2 Qc5 1/2-1/2